|
|
|
|
| LEADER |
00000nam a2200000 a 4500 |
| 001 |
vtls001086893 |
| 003 |
SK-MaSNL |
| 005 |
20260302092308.0 |
| 008 |
250414s1985 xo 0 slo |
| 015 |
|
|
|a SNBA1986/02
|
| 035 |
|
|
|a SNK000029733
|
| 040 |
|
|
|a SNK
|b slo
|c SNK
|e AACR2
|
| 041 |
0 |
|
|a slo
|
| 044 |
|
|
|a xo
|c SK
|
| 080 |
|
|
|a 581.133.4
|2 1981
|
| 100 |
1 |
|
|a Michalík, Ivan,
|d 1936-
|4 aut
|9 107045
|
| 245 |
1 |
0 |
|a Príjem a metabolizmus fosforu v rastlinách
|c Ivan Michalík ; Jozef Michaláč
|
| 250 |
|
|
|a 1. vyd.
|
| 260 |
|
|
|a Bratislava
|b Veda
|c 1985
|e Nitra
|f Nitrianske tlačiarne
|
| 300 |
|
|
|a 179 s., 9,47 AH
|b Tb. Sch. Grafy.
|c 24 cm
|
| 366 |
|
|
|e 500 výtl.
|
| 490 |
0 |
|
|a Poľnohospodárska veda
|
| 500 |
|
|
|a 2/85. Séria A-Poľnohospodárstvo. Lit. 374. Súbež. náz. a res. rus. a angl. 374 zázn. v slov., češ., nem., ruš. a angl.
|
| 700 |
1 |
|
|a Michaláč, Jozef,
|d 1944-
|4 bkd
|9 107679
|
| 852 |
|
|
|a Slovenská národná knižnica
|
| 954 |
|
|
|a rastliny
|a fosfor
|
| 958 |
|
|
|a OND
|
| 958 |
|
|
|a NB
|
| 958 |
|
|
|a TL
|
| 999 |
|
|
|c 1204115
|d 1206045
|
| 952 |
|
|
|t P60, <04>, [BOOK], {604}
|a SNK
|b SNK
|y VYP
|7 0
|p 17A0416612
|o snkSC 65054 D1
|i snkKSP 10776/85
|0 0
|1 0
|4 0
|d 2004-03-03
|l 0
|r 2004-12-31 00:00:00
|w 2026-02-24
|
| 952 |
|
|
|a SNK
|b SNK
|y PREZ
|7 0
|p 17A0917632
|o snkSC 65054
|0 0
|1 0
|4 0
|d 2012-08-07
|l 0
|r 2025-07-03 00:00:00
|w 2026-02-24
|